Heat transfer (Record no. 3641)

000 -LEADER
fixed length control field 00564nam a2200229 a 4500
001 - CONTROL NUMBER
control field 3641
003 - CONTROL NUMBER IDENTIFIER
control field BD-DhUET
008 - FIXED-LENGTH DATA ELEMENTS--GENERAL INFORMATION
fixed length control field 960506s1997 nyua b 001 0 eng
020 ## - INTERNATIONAL STANDARD BOOK NUMBER
International Standard Book Number 0071143203
020 ## - INTERNATIONAL STANDARD BOOK NUMBER
International Standard Book Number 0078447852
040 ## - CATALOGING SOURCE
Original cataloging agency DLC
Transcribing agency DLC
Modifying agency BD-DhUET
082 00 - DEWEY DECIMAL CLASSIFICATION NUMBER
Classification number 621.011
Item number HOL/1997
100 1# - MAIN ENTRY--PERSONAL NAME
Personal name Holman, J. P.
245 10 - TITLE STATEMENT
Title Heat transfer
250 ## - EDITION STATEMENT
Edition statement 8th ed.
260 ## - PUBLICATION, DISTRIBUTION, ETC. (IMPRINT)
Place of publication, distribution, etc. New York
Name of publisher, distributor, etc. McGraw-Hill
Date of publication, distribution, etc. 1997
300 ## - PHYSICAL DESCRIPTION
Extent xviii, 696 p.
Other physical details ill.
490 ## - SERIES STATEMENT
Series statement Schaum's outline series
504 ## - BIBLIOGRAPHY, ETC. NOTE
Bibliography, etc Includes bibliographies
650 #0 - SUBJECT ADDED ENTRY--TOPICAL TERM
Topical term or geographic name as entry element Heat transfer
942 ## - ADDED ENTRY ELEMENTS (KOHA)
Koha item type General Book
Holdings
Price effective from Koha item type Date acquired Koha full call number Koha issues (times borrowed) Not for loan Koha date last borrowed Shelving location Source of classification or shelving scheme Lost status Damaged status Koha out on loan Piece designation (barcode) Withdrawn status Koha normalized classification for sorting Koha date last seen Sublocation or collection (holding branch) Copy number Location (home branch)
2014-11-03General Book2014-11-03621.011/HOL/19973 2025-04-27Circulation section   2025-05-1192450 621_011000000000000_HOL_19972025-04-27Central Library, BUET1Central Library, BUET
2014-11-03General Book2014-11-03621.011/HOL/1997   Circulation section    92452 621_011000000000000_HOL_19972014-11-03Central Library, BUET2Central Library, BUET
2014-11-03General Book2014-11-03621.011/HOL/1997   Circulation section    92453 621_000000000000000_011HOL19972016-07-30Central Library, BUET3Central Library, BUET
2014-11-03General Book2014-11-03621.011/HOL/19971 2022-01-09Circulation section    92454 621_000000000000000_011HOL19972022-06-08Central Library, BUET4Central Library, BUET
2014-11-03General Book2014-11-03621.011/HOL/19972 2024-10-02Circulation section    92455 621_000000000000000_011HOL19972024-10-28Central Library, BUET5Central Library, BUET
2014-11-03General Book2014-11-03621.011/HOL/19973 2023-12-10Circulation section    92457 621_000000000000000_011HOL19972024-08-31Central Library, BUET6Central Library, BUET
2014-11-03General Book2014-11-03621.011/HOL/1997   Circulation section    92459 621_000000000000000_011HOL19972014-11-03Central Library, BUET7Central Library, BUET
2014-11-03General Book2014-11-03621.011/HOL/19971 2024-03-12Circulation section    92460 621_011000000000000_HOL_19972024-08-28Central Library, BUET8Central Library, BUET
2014-11-03General Book2014-11-03621.011/HOL/19971 2024-04-08Circulation section    92461 621_000000000000000_011HOL19972024-06-22Central Library, BUET9Central Library, BUET
2014-11-03General Book2014-11-03621.011/HOL/19975 2024-12-10Circulation section    92462 621_000000000000000_011HOL19972025-03-12Central Library, BUET10Central Library, BUET
2014-11-03General Book2014-11-03621.011/HOL/19971 2015-03-04Circulation section    92464 621_000000000000000_011HOL19972017-05-03Central Library, BUET11Central Library, BUET
2014-11-03General Book2014-11-03621.011/HOL/19973 2019-06-17Circulation section    92465 621_000000000000000_011HOL19972019-07-10Central Library, BUET12Central Library, BUET
2014-11-03General Book2014-11-03621.011/HOL/19973 2022-05-24Circulation section    92466 621_000000000000000_011HOL19972022-06-08Central Library, BUET13Central Library, BUET
2015-04-12General Book2015-04-12621.011 HOL/1997   Circulation section    92468 621_011000000000000_HOL_19972015-04-12Central Library, BUET14Central Library, BUET
2015-07-02Reading Item2015-07-02621.011/HOL/1997   Reading section    92447 621_011000000000000_HOL_19972015-07-02Central Library, BUET15Central Library, BUET
2015-07-09Reading Item2015-07-09621.011/HOL/1997   Reading section    92446 621_011000000000000_HOL_19972015-07-09Central Library, BUET16Central Library, BUET